书目信息 |
| 题名: |
出版学概说
|
|
| 作者: | 德索尔 著 ;姜乐英 , 杨杰 译 | |
| 分册: | ||
| 出版信息: | 北京 中国书籍出版社 |
|
| 页数: | 279页 | |
| 开本: | 20cm | |
| 丛书名: | ||
| 单 册: | ||
| 中图分类: | G230 | |
| 科图分类: | ||
| 主题词: | 出版工作 | |
| 电子资源: | ||
| ISBN: | 7-5068-0008-X | |
| 000 | 00627nam0 2200217 45 | |
| 001 | 0404271542 | |
| 005 | 20040427155246.2 | |
| 010 | @a7-5068-0008-X@dCNY3.30 | |
| 100 | @a20040427d km y0chiy0120 ea | |
| 101 | 0 | @achi |
| 105 | @a z 000yy | |
| 200 | 1 | @a出版学概说@AChu Ban Xue Gai Shuo@f(美)J·P·德索尔著@F(Mei)J·P·De Suo Er Zhu@g姜乐英,杨杰译 |
| 210 | @a北京@c中国书籍出版社 | |
| 215 | @a279页@d20cm | |
| 606 | 0 | @a出版工作 |
| 690 | @aG230@v3 | |
| 701 | 0 | @a德索尔@4著 |
| 702 | 0 | @a姜乐英@AJiang Yue Ying@4译 |
| 702 | 0 | @a杨杰@AYang Jie@4译 |
| 801 | @aCN@bPftUser@c20040427 | |
| 905 | @f2@b254975-976@dG230@e20 | |
| 出版学概说/(美)J·P·德索尔著/姜乐英,杨杰译.-北京:中国书籍出版社 |
| 279页;20cm |
| ISBN 7-5068-0008-X:CNY3.30 |
| ● |
| 相关链接 |
|
|
|
|
正题名:出版学概说
索取号:G230/20
 
预约/预借
| 序号 | 登录号 | 条形码 | 馆藏地/架位号 | 状态 | 备注 |
| 1 | 0254974 | 000498562 | 第一样本阅览室/ [索取号:G230/20] | 在馆 | |
| 2 | 0254975 | 000498571 | 密集书库/ [索取号:G230/20] | 在馆 | |
| 3 | 0254976 | 000498580 | 密集书库/ [索取号:G230/20] | 在馆 |